Europe's Largest 4-Letter Cities - Statistics

General Stats
  • This quiz has been taken 447 times
    282 since last reset
  • The average score is 12 of 21
Answer Stats
Pop Country City % Correct
3.44 mil Ukraine Kyiv
99%
3.50 mil Italy Rome
99%
1.36 mil Norway Oslo
98%
2.06 mil France Lyon
92%
788 k Latvia Riga
88%
432 k Switzerland Bern
87%
1.21 mil France Nice
78%
638 k Czechia Brno
66%
441 k Austria Graz
63%
1.06 mil Poland Łódź
63%
925 k Ukraine Lviv
58%
606 k Italy Bari
57%
418 k Austria Linz
55%
1.03 mil Russia Perm
44%
383 k France Caen
33%
377 k Germany Kiel
33%
470 k Spain Vigo
33%
361 k France Metz
31%
565 k Russia Tula
22%
405 k Russia Tver
20%
951 k France Lens
19%
No matching quizzes found
Score Distribution
Percent of People with Each Score
Percentile by Number Answered
Your Score History
You have not taken this quiz since the last reset